Industrial automation & robotics / (رقم التسجيلة. 31140)

تفاصيل مارك
000 -الفاتح
حقل البيانات ثابتة الطول 00615nam a2200217 a 4500
001 - رقم الضبط
رقم الضبط ASIN8188826324
003 - محدد رقم الضبط
رقم الضبط OSt
005 - وقت وتاريخ اخر تعامل مع التسجيلة
رقم الضبط 20150408114142.0
008 - عناصر البيانات ثابتة الطول - معلومات عامة
حقل البيانات ثابتة الطول 130927s2012 xxu eng d
020 ## - الرقم الدولى المعيارى للكتب
الرقم الدولى المعيارى للكتاب 9788189757533
040 ## - مصدر الفهرسة
وكالة الفهرسة الأصلية Ma-Un
082 ## - رقم تصنيف ديوى العشرى
رقم الطبعة 22
رقم التصنيف 629.892
100 1# - المدخل الرئيسى - إسم شخصى
الإسم الشخصى Goyal, Khushdeep
9 (RLIN) 37517
245 10 - بيان العنوان
العنوان Industrial automation & robotics /
بيان المسئوليه,etc Khushdeep Goyal Deepak Bhandari
260 ## - PUBLICATION, DISTRIBUTION, ETC. (IMPRINT)
مكان الناشر او الموزع New Delhi :
اسم الناشر او الموزع S. K. Kataria & Sons
تاريخ النشر أو التوزيع 2010.
300 ## - الوصف المادى
التعداد 404 P.
أبعاد الوعاء 25 cm
650 ## - المدخل الاضافى بالموضوع-مصطلح موضوعى
مصطلح موضوعي أو اسم جغرافي كعنصر مدخل Automation
9 (RLIN) 37519
650 ## - المدخل الاضافى بالموضوع-مصطلح موضوعى
مصطلح موضوعي أو اسم جغرافي كعنصر مدخل Robots, Industrial
9 (RLIN) 37520
700 ## - المدخل الاضافى - اسم شخصى
الإسم الشخصى Bhandari, Deepak
9 (RLIN) 37521
942 ## - عناصر المدخل الإضافي( كوها)
مصدر التصنيف او مخطط الترفيف Dewey Decimal Classification
Koha [default] item type كتاب
المقتنيات
حالة الفقد نموذج السعر الفعال حالة تلف ليس للاعارة رقم الطلب رقم النسخة تاريخ الاكتساب الموقع الحالي الباركود الفرع الرئيسي Date last seen نوع المادة فى نظام كوها مصدر التصنيف او خطة الترفيف Total Checkouts Date last checked out
  2013-10-08     629.892 GKI n1 2013-10-08 المكتبة المركزية بالمجمعة (CL) 00451321 المكتبة المركزية بالمجمعة (CL) 2013-10-08 كتاب Dewey Decimal Classification    
  2013-10-08     629.892 GKI n2 2013-10-08 المكتبة المركزية بالمجمعة (CL) 00451319 المكتبة المركزية بالمجمعة (CL) 2013-10-08 كتاب Dewey Decimal Classification    
  2013-10-08   Not For Loan 629.892 GKI n3 2013-10-08 المكتبة المركزية بالمجمعة (CL) 00451317 المكتبة المركزية بالمجمعة (CL) 2014-06-10 كتاب Dewey Decimal Classification 1 2014-04-23
  2013-10-08     629.892 GKI n1 2013-10-08 مكتبة مجمع الكليات بالزلفى - طلاب (SZM) 00451320 مكتبة مجمع الكليات بالزلفى - طلاب (SZM) 2013-10-08 كتاب Dewey Decimal Classification    
  2013-10-08     629.892 GKI n2 2013-10-08 مكتبة مجمع الكليات بالزلفى - طلاب (SZM) 00451318 مكتبة مجمع الكليات بالزلفى - طلاب (SZM) 2013-10-08 كتاب Dewey Decimal Classification    
  2013-10-08   Not For Loan 629.892 GKI n3 2013-10-08 مكتبة مجمع الكليات بالزلفى - طلاب (SZM) 00451316 مكتبة مجمع الكليات بالزلفى - طلاب (SZM) 2013-10-08 كتاب Dewey Decimal Classification